000 00732nam a2200181Ia 4500
008 151018s9999 xx 000 0 und d
082 _bRBASDV47582
_a621.38195
100 _aशर्मा कुमार पाटील
245 _aकम्प्युटर एक क्रमिक विकास
250 _b1
260 _bहॅरीटेज पब्लिशिंग
_c2008
300 _a112
600 _aशर्मा कुमार पाटील
630 _aकम्प्युटर एक क्रमिक विकास
700 _aशर्मा कुमार पाटील
730 _aकम्प्युटर एक क्रमिक विकास
942 _cBOOK
999 _c1046714
_d1046711